00390nam a22001457a 450000500170000000800410001702000150005804100120007308200130008510000120009824500270011026000560013730000250019365000260021820240822101053.0240822b |||||||| |||| 00| 0 eng d a0409034649 aEnglish a349 LAW  lEnglish aThe Lawyer's Yearbook  aDurban: bButterworth Publishers (Pty) Ltd, c1992  b330 pages; c25 cm.  aLegal practice bLaw